000 01147nam a22003257a 4500
999 _c560
_d560
001 001940
003 CoMeUDC001940
005 20181218224151.0
008 130821s2002 ck gr spa
020 _a9586835421
040 _aCo-BoUCM
_bspa
_cCoMeUDC
041 0 0 _aspa
060 _aW 32.5
082 0 4 _a346.03
_220
_bJ37r
100 _aJaramillo J. Carlos Ignacio
245 0 0 _aResponsabilidad civil médica La relación médico-paciente
_banálisis doctrinal y jurisprudencial /
_cCarlos Ignacio Jaramillo J.
260 _aBogotá (Colombia) :
_bUniversidad Javeriana,
_c2002.
300 _a528 páginas
490 _aColección Ensayos
_v8
504 _aIncluye Apéndice Legislativo y Jurisprudencial actualizado
650 0 4 _aDerecho civil
_912711
650 0 4 _aÉtica
650 0 4 _aÉtica médica
650 0 4 _aMédico y paciente
_919210
650 0 4 _aMédicos
_xÉtica profesional
_919211
650 0 4 _aResponsabilidad civil
_923668
650 0 4 _aResponsabilidad médica
_923682
710 _aPontificia Universidad Javeriana. bFacultad de Ciencias Jurídicas
942 _cBK
_a8
_e1
_mJ37r
_2ddc
_h346.03